| 000 | 00861nam a22002177a 4500 | ||
|---|---|---|---|
| 999 |
_c17926 _d17926 |
||
| 003 | AR-CdUCM | ||
| 008 | 190510b ||||| |||| 00| 0 spa d | ||
| 040 |
_aMUNICIPALIDAD PROVINCIAL DEL CUSCO _cBIBLIOTECA MUNICIPAL DEL CUSCO |
||
| 082 |
_a922 / _bG71 |
||
| 100 |
_aGonzalez Ruiz, Nicolás _918600 |
||
| 245 |
_aCisneros Richelieu : _bDos cardenales que gobernaron / |
||
| 260 |
_aBarcelona : _bCervantes, _c1957. |
||
| 300 |
_a172 páginas ; _bImágenes _c20 cm. |
||
| 440 |
_aColección vidas paralelas _n3 _938187 |
||
| 505 | _aContenido :Teólogo por vocación y un teólogo por conveniencia -- El capellán de Ana de Austria y el confesor de Isabel la católica -- dos maneras de navegar. | ||
| 650 |
_aReligión _91195 |
||
| 650 |
_ateólogo por conveniencia _938188 |
||
| 650 |
_aTeólogo por vocación _938189 |
||
| 942 |
_2ddc _cLIBROS |
||
| 945 | _arcc | ||